[Event "GER-chT U18 Girls"]
[Site "Germany"]
[Date "2012.05.05"]
[Round "5.3"]
[White "Piyamit, Sophia"]
[Black "Reiter, Nicole"]
[Result "0-1"]
[WhiteElo "800"]
[BlackElo "794"]
[PlyCount "102"]
[EventDate "2012.05.04"]
[EventType "team-swiss"]
[EventRounds "7"]
[EventCountry "GER"]
[SourceTitle "EXT 2014"]
[Source "ChessBase"]
[SourceDate "2013.11.20"]
[SourceVersion "1"]
[SourceVersionDate "2013.11.20"]
[SourceQuality "1"]
[WhiteTeam "Berlin HSG (W)"]
[BlackTeam "Hamburg CPG (W)"]
[WhiteTeamCountry "GER"]
[BlackTeamCountry "GER"]

1. e4 e5 2. Nf3 Nc6 3. Bc4 Bc5 4. c3 Nf6 5. d3 d6 6. Bb3 Be6 7. Bc2 a5 8. 0-0 Qd7 9. a3 0-0 10. Re1 Ng4 11. Re2 b5 12. h3 Nf6 13. Nbd2 Nh5 14. d4 exd4 15. cxd4 Nxd4 16. Nxd4 Bxd4 17. Nf3 Bc5 18. Re1 Rad8 19. Bg5 Rde8 20. Nh2 Nf6 21. Nf3 Rb8 22. Qd3 Ne8 23. Bd2 Bc4 24. Qc3 Qe6 25. Nh2 b4 26. Qg3 c6 27. e5 dxe5 28. Be4 Bd5 29. Nf3 Bxe4 30. Rxe4 h6 31. Rxe5 Qd6 32. Bf4 Bd4 33. Rh5 Qe6 34. Nxd4 Qf6 35. Be3 Rd8 36. Nxc6 Qxc6 37. Bd4 Rxd4 38. Re1 Qg6 39. Rhe5 Qxg3 40. fxg3 Nf6 41. Rf1 Re8 42. Rxa5 Rd2 43. Ra4 bxa3 44. Ra6 axb2 45. Rb1 Rb8 46. Rd6 Rxd6 47. h4 Ne4 48. Kh2 g5 49. h5 Rd3 50. Kh3 Rxg3+ 51. Kh2 Kg7 0-1

[Event "GER-chT U18 Girls"]
[Site "Germany"]
[Date "2012.05.05"]
[Round "6.3"]
[White "Riederer, Jana"]
[Black "Reiter, Nicole"]
[Result "0-1"]
[WhiteElo "800"]
[BlackElo "794"]
[PlyCount "76"]
[EventDate "2012.05.04"]
[EventType "team-swiss"]
[EventRounds "7"]
[EventCountry "GER"]
[SourceTitle "EXT 2014"]
[Source "ChessBase"]
[SourceDate "2013.11.20"]
[SourceVersion "1"]
[SourceVersionDate "2013.11.20"]
[SourceQuality "1"]
[WhiteTeam "Viernheim (W)"]
[BlackTeam "Hamburg CPG (W)"]
[WhiteTeamCountry "GER"]
[BlackTeamCountry "GER"]

1. e4 e5 2. Nf3 Nc6 3. Bb5 d6 4. 0-0 Nf6 5. Nc3 Be7 6. d3 Bg4 7. b3 0-0 8. Bxc6 bxc6 9. b4 d5 10. exd5 cxd5 11. Bb2 Bxb4 12. a3 Bc5 13. Qe2 Re8 14. Nb5 Rb8 15. a4 c6 16. Bxe5 cxb5 17. Bxb8 Rxe2 18. Be5 Bxf3 19. Bg3 Bh5 20. axb5 Rxc2 21. Rab1 Qa5 22. Rfe1 h6 23. h3 Rd2 24. Rec1 Bd4 25. Rf1 Rxd3 26. Bh4 a6 27. bxa6 Qxa6 28. Rbe1 Bc3 29. Re7 d4 30. Bxf6 Qxf6 31. Rb7 Qg5 32. f3 Bxf3 33. Rb8+ Kh7 34. Rf2 Rd1+ 35. Kh2 Qe5+ 36. g3 Qxb8 37. Rxf3 Qb2+ 38. Rf2 Qxf2# 0-1

[Event "GER-chT U18 Girls"]
[Site "Germany"]
[Date "2012.05.04"]
[Round "3.3"]
[White "Hackbarth, Rieke Marie"]
[Black "Reiter, Nicole"]
[Result "0-1"]
[WhiteElo "800"]
[BlackElo "794"]
[PlyCount "78"]
[EventDate "2012.05.04"]
[EventType "team-swiss"]
[EventRounds "7"]
[EventCountry "GER"]
[SourceTitle "EXT 2014"]
[Source "ChessBase"]
[SourceDate "2013.11.20"]
[SourceVersion "1"]
[SourceVersionDate "2013.11.20"]
[SourceQuality "1"]
[WhiteTeam "Harksheide Gymn (W)"]
[BlackTeam "Hamburg CPG (W)"]
[WhiteTeamCountry "GER"]
[BlackTeamCountry "GER"]

1. e4 e5 2. Nf3 Nc6 3. Nc3 Nf6 4. Bc4 Bc5 5. d3 d6 6. h3 Be6 7. 0-0 0-0 8. Bg5 a6 9. Nd5 Bxd5 10. exd5 Na5 11. Qe1 Nxc4 12. dxc4 h6 13. Bh4 g5 14. Bg3 b5 15. cxb5 axb5 16. Rd1 Rxa2 17. Ra1 Rxb2 18. Rc1 Nxd5 19. Rd1 Nf6 20. Ra1 Rxc2 21. Ra5 b4 22. Qd1 c6 23. Qxc2 Qxa5 24. h4 g4 25. Ng5 hxg5 26. Qf5 gxh4 27. Bxh4 Ne8 28. Qg5+ Ng7 29. Qxg4 f6 30. g3 b3 31. Kg2 Bd4 32. Rh1 c5 33. Bxf6 Rxf6 34. Qh4 Kf7 35. Qh7 Qa8+ 36. Kg1 b2 37. Kh2 Rxf2+ 38. Kg1 Qa1+ 39. Qb1 Qxb1# 0-1